Share holder value & the common good : (Record no. 5523)

MARC details
000 -LEADER
fixed length control field 00710nam a22001937a 4500
008 - FIXED-LENGTH DATA ELEMENTS--GENERAL INFORMATION
fixed length control field 130820b xxu||||| |||| 00| 0 eng d
020 ## - INTERNATIONAL STANDARD BOOK NUMBER
International Standard Book Number 9-9660-3115-0
082 ## - DEWEY DECIMAL CLASSIFICATION NUMBER
Edition number 21 ed.
Classification number 658.005
Item number SHA
100 ## - MAIN ENTRY--PERSONAL NAME
Personal name Edited by Lutz, David and Paul Mimbi
245 ## - TITLE STATEMENT
Title Share holder value & the common good :
Remainder of title essays on the objectives and purposes of business management
Statement of responsibility, etc Edited by David Lutz and Paul Mimbi
260 ## - PUBLICATION, DISTRIBUTION, ETC. (IMPRINT)
Place of publication, distribution, etc Nairobi, Kenya :
Name of publisher, distributor, etc LawAfrica publishing (K) Ltd
Date of publication, distribution, etc 2011
300 ## - PHYSICAL DESCRIPTION
Extent ix, 394 P. ;
Dimensions 24 cm.
500 ## - GENERAL NOTE
General note Includes contributors
650 ## - SUBJECT ADDED ENTRY--TOPICAL TERM
Topical term or geographic name as entry element Business management
650 ## - SUBJECT ADDED ENTRY--TOPICAL TERM
Topical term or geographic name as entry element Business enterprise
650 ## - SUBJECT ADDED ENTRY--TOPICAL TERM
Topical term or geographic name as entry element Share holder value & the common good
700 ## - ADDED ENTRY--PERSONAL NAME
Personal name Mimbi, Paul
942 ## - ADDED ENTRY ELEMENTS (KOHA)
Source of classification or shelving scheme Dewey Decimal Classification
Item type Books
Holdings
Withdrawn status Lost status Source of classification or shelving scheme Damaged status Not for loan Home library Current library Shelving location Date acquired Total Checkouts Full call number Barcode Date last seen Copy number Price effective from Koha item type Public note
    Dewey Decimal Classification     Law Development Centre Main Library Law Development Centre Main Library Text Books and Laws 08/20/2013   658.005 SHA 6211/2013 08/20/2013 1 08/20/2013 Books Reserve
    Dewey Decimal Classification     Law Development Centre Main Library Law Development Centre Main Library Text Books and Laws 08/20/2013   658.005 SHA 6212/2013 08/20/2013 2 08/20/2013 Books Reserve